Revenge/ (Record no. 214280)

MARC details
000 -LEADER
fixed length control field 00511nam a22001817a 4500
010 ## - LCCN (DPL NO)
LC control number ENG-147532
020 ## - INTERNATIONAL STANDARD BOOK NUMBER
Terms of availability 399.00
International Standard Book Number 9789350008478
035 ## - SYSTEM CONTROL NUMBER
System control number EN-131064
037 ## - SOURCE OF ACQUISITION
Source of stock number/acquisition DBAD
082 ## - DEWEY DECIMAL CLASSIFICATION NUMBER
Classification number N
Edition number 1
100 ## - MAIN ENTRY--PERSONAL NAME
Personal name Nasrin, Taslima
245 ## - TITLE STATEMENT
Title Revenge/
Statement of responsibility, etc Taslima Nasrin
250 ## - EDITION STATEMENT
Edition statement 1
260 ## - PUBLICATION, DISTRIBUTION, ETC. (IMPRINT)
Place of publication, distribution, etc New Delhi
Name of publisher, distributor, etc Vani Prakashan
Date of publication, distribution, etc 2025
270 ## - ADDRESS
City New Delhi
Electronic mail address yatrabooks.com
Address 4695, 21-A, Daryaganj
Postal code 110002
Telephone number +911123273167
-- +911123275710
300 ## - PHYSICAL DESCRIPTION
Extent 186p.
Dimensions 21cm(pb)
Other physical details ill
942 ## - ADDED ENTRY ELEMENTS (KOHA)
Source of classification or shelving scheme Dewey Decimal Classification
Item type English Books
Classification part N
Call number suffix NAS
Holdings
Withdrawn status Lost status Not for loan Collection code Home library Current library Date acquired Source of acquisition Cost, normal purchase price Full call number Barcode Copy number Cost, replacement price Koha item type
    Not For Loan Fiction Ashok Vihar Ashok Vihar 19/01/2026 Delivery of Books Act Division 399.00 N NAS EN-131064 1 399.00 English Books

© Delhi Public Library
Hit Counter
free hit counter